Finding the best way to share budget in health care

Vývoj portfólia zdravotných služieb v Izraeli. Racionálne prístupy k nastaveniu priority služieb v zdravotníctve. MCDA - viackriteriálna rozhodovacia analýza. Kvantitatívna analýza výkonnostnej matice. Metóda Delphi.

Saved in:
Bibliographic Details
Main Author: Daichman, Svetlana
Other Authors: Greenberg, Dan, Pikovsky, Oleg, Pliskin, Joseph
Format: Book Chapter
Language:English
Subjects:
Tags: Add Tag
No Tags, Be the first to tag this record!

MARC

LEADER 00000naa a2200000 4500
001 0210427
005 20231018110041.8
041 0 |a eng 
044 |a SK 
245 1 0 |a Finding the best way to share budget in health care  |c Svetlana Daichman, Dan Greenberg, Oleg Pikovsky 
520 |a Vývoj portfólia zdravotných služieb v Izraeli. Racionálne prístupy k nastaveniu priority služieb v zdravotníctve. MCDA - viackriteriálna rozhodovacia analýza. Kvantitatívna analýza výkonnostnej matice. Metóda Delphi. 
610 2 0 |a rozhodovanie 
610 2 0 |a analýzy 
610 2 0 |a plánovanie rozpočtové 
610 2 0 |a politika zdravotná 
100 1 |a Daichman, Svetlana 
700 1 |a Greenberg, Dan 
700 1 |a Pikovsky, Oleg 
700 1 |a Pliskin, Joseph